Povinnosti zamestnávateľa v starostlivosti o bezpečnosť práce v maloobchode
Gespeichert in:
| 1. Verfasser: | |
|---|---|
| Format: | Buch |
| Sprache: | Slowakisch |
| Veröffentlicht: |
Bratislava
Výskumný a vzdelávací ústav bezpečnosti práce
1994
|
| Ausgabe: | 1. vyd. |
| Schlagworte: | |
| Tags: |
Keine Tags, Fügen Sie das erste Tag hinzu!
|
MARC
| LEADER | 00000nam a2200000 4500 | ||
|---|---|---|---|
| 001 | c009430 | ||
| 005 | 20221128073622.0 | ||
| 020 | |a 80-967136-9-8 | ||
| 041 | 0 | |a slo | |
| 044 | |a SK | ||
| 245 | 1 | 0 | |a Povinnosti zamestnávateľa v starostlivosti o bezpečnosť práce v maloobchode |c Jitka Žatkuliaková a kol. |
| 250 | |a 1. vyd. | ||
| 264 | 1 | |a Bratislava |b Výskumný a vzdelávací ústav bezpečnosti práce |c 1994 | |
| 300 | |a 117 s. | ||
| 610 | 2 | 0 | |a bezpečnosť práce |
| 610 | 2 | 0 | |a maloobchod |
| 610 | 2 | 0 | |a hygiena |
| 610 | 2 | 0 | |a zdravotníctvo |
| 610 | 2 | 0 | |a automobily |
| 100 | 1 | |a Žatkuliaková, Jitka | |